000
00297nam a22001337a 4500
008
170606b xxu||||| |||| 00| 0 eng d
020
_a
9780982505724
041
_a
eng
080
_a
94
100
_a
18
101
_a
SHH
245
_a
INSIDE IRANIAN REVULOTION
_c
STEMPEL.J.D
942
_2
udc
_c
BK
999
_c
16075
_d
16075